Ledo Ivo : poemas.

Zapisane w:
Opis bibliograficzny
Format: Nieznany
Język:Spanish
Wydane: Perú : Centro de Estudios Brasileños, c1980.
Hasła przedmiotowe:
Etykiety: Dodaj etykietę
Nie ma etykietki, Dołącz pierwszą etykiete!

MARC

LEADER 000000000a22000000004500
001 002750
041 0 |a spa 
082 0 4 |a Br869.14   |b I96c 
245 0 0 |a Ledo Ivo :   |b poemas. 
260 1 |a Perú :   |b Centro de Estudios Brasileños,   |c c1980. 
300 |a 73 páginas 
650 4 |a LITERATURA BRASILEÑA 
650 4 |a POESIA 
999 |c 9108  |d 9108 
942 |c BK  |h Br869.14 I96c  |2 z